[Event "Reykjavik op"]
[Site "Reykjavik"]
[Date "2017.04.19"]
[Round "1"]
[White "Ris, Robert"]
[Black "Breidfjord, Palmar"]
[Result "1-0"]
[WhiteElo "2419"]
[BlackElo "1866"]
[PlyCount "89"]
[EventDate "2017.04.19"]
[EventType "swiss"]
[EventRounds "10"]
[EventCountry "ISL"]
[SourceTitle "CBM 178 Extra"]
[Source "ChessBase"]
[SourceDate "2017.06.22"]
[SourceVersion "1"]
[SourceVersionDate "2017.06.22"]
[SourceQuality "1"]

1. d4 e6 2. Nf3 Nf6 3. Bf4 d5 4. e3 Nbd7 5. Nbd2 Be7 6. h3 c5 7. c3 Nb8 8. Bd3 c4 9. Bc2 b5 10. e4 Bb7 11. e5 Nfd7 12. h4 a5 13. Rh3 h6 14. h5 Nc6 15. Ng1 Nb6 16. Qg4 Bf8 17. Bh2 Qd7 18. f4 Ne7 19. Rf3 Nf5 20. Qh3 Qe7 21. g4 Qh4+ 22. Qxh4 Nxh4 23. Rh3 g5 24. hxg6 Nxg6 25. f5 Ne7 26. Ne2 Rg8 27. f6 Ng6 28. Kf2 Bc6 29. Rg1 Na4 30. b3 cxb3 31. Nxb3 Nb6 32. g5 a4 33. Nbc1 hxg5 34. Rxg5 Rh8 35. Rxh8 Nxh8 36. Rh5 Ng6 37. Rh7 b4 38. cxb4 Bxb4 39. Bxg6 fxg6 40. Nd3 Bf8 41. Nef4 Bd7 42. Nxg6 0-0-0 43. Nc5 Bxc5 44. dxc5 Nc4 45. f7 1-0